000
00301 a2200133 4500
000
nam a22 7a 4500
100
_a
A. Vajpayee
110
_a
A. Vajpayee
245
_a
Administrative Thinkers
250
_a
latest edition
260
_b
Yking
_c
2024
264
_b
Yking
_c
2024
942
_c
BK
999
_c
394526
_d
394526